000 00533 a2200193 4500
005 20240808150045.0
010 _aB-760141 Ch-En
020 _a9789354713101
_c350.00
035 _aB-760141
037 _bGift
082 _aS
100 _aZack Zombie
_969755
245 _aDiary Of A Minecraft Zombie Book 11 Inside Out/
_bZack Zombie
260 _aNew Delhi
_bScholastic Inc.
_c2017
270 _aNew Delhi
300 _a153 p.
_c20 cm(Pb)
942 _adpl
_cCH
_2ddc
_hS
_mZOM
999 _c204960
_d204960